=LDR 00000nam 2200000 4500 =001 INLIS000000000055850 =005 20200729073710 =035 ##$$a 0010-0720000154 =007 ta =008 200729###########################0#eng## =082 ##$$a 641.509 43 =084 ##$$a 641.509 43 Wec t =245 1#$$a The Cooking of Vienna's Empire /$c Joseph Wechsberg =300 ##$$a 206 halaman : $b Ilustrasi ; $c 24 Cm. =500 ##$$a Indeks : halaman 200 - 205 =650 #4$$a masakan Eropa Tengah Jerman =264 ##$$a Nederland :$b Time-Life International,$c 1974 =336 ##$$a teks$2 rdacontent =337 ##$$a lain-lain$2 rdamedia =338 ##$$a lain-lain$2 rdacarrier =990 ##$$a 08630863